1839 1720 1705 1124 1902 1378 1759 1610 1076 1400 1518 1119 1359 1040 1004 1888 1674 1955 1034 1040 1371 1798 1547 1850 1737 1248 1350 1590 1977 1644 1003 1825 1137 1055 1858 1108 1514 1359 1313 1685 1459 1306 1300 1519 1526 1259 1694 1207 1863 1003 1358 1950 1018 1934 1518 1382 1552 1787 1585 1129 1468 1641 1472 1993 1110 1055 1108 1340 1313 1459 1893 1808 1531 1297 1900 1226 1816 1529 1716 1622 1518 1295 1682 1754 1910 1827 1055 1247 1229 1702 1972 1496 1796 1073 1546 1338 1372 1690 1268 BCNSPRNW ULIB Ver.6.0+V

เปลี่ยนเป็นภาษาไทย

Change to English
 แสดงรายละเอียดบรรณานุกรม
  กลับหน้าหลัก

Brief Record : Get Marc (ISO 2709) : E-mail record : QR code < ปิดหน้าต่าง
LEADER : 00000nam 2200000uu 4500
001    13399122496
003     ULIB
008    120321sมปป.||||th 000 0 tha d
020    ^a9786165000703
090    ^aนว.^bม415ห
100 0  ^aมุกเรียง
245 00 ^aห้วงรักนิรมิต/^cมุกเรียง
260    ^aกรุงเทพฯ :^bพิมพ์คำ,^cมปป.
300    ^a259 หน้า
710 1  ^aพิมพ์คำ
945    ^p180^l0^i19955
995    ^aทศพร
999    ^aใช้งานได้ทุกระบบ
รายการนี้ยังไม่มีแท็ก
คุณยังไม่ได้ล็อกอิน คุณสามารถมีกิจกรรมร่วมกับเว็บไซต์ได้ แต่ต้องล็อกอินก่อน ::
  ล็อกอิน

รายการสื่อสารสนเทศ

ลำดับที่ ประเภท เลขเรียก/บาร์โค้ด สถานที่ สถานะ
1. นวนิยาย
นวนิยาย
นว. ม415ห ฉ.1 
  Barcode: 19955
ห้องสมุดวิทยาเขตสวรรค์ประชารักษ์
►นวนิยาย
บนชั้น
  ขอยืม

รายการใกล้เคียง
    ผู้แต่ง [มุกเรียง]

BibComment


ยังไม่เคยถูกคอมเมนท์

คอมเมนท์ทรัพยากรรายการนี้
  คอมเมนท์: ห้วงรักนิรมิต มุ..


 Copyright 2026. Bcnsprnw @Library